000 00430pab a2200169 454500
008 180718b1962 xxu||||| |||| 00| 0 eng d
100 _aMathur, Harish Chandra
245 _aPanchayati Raj and political parties
260 _c1962
300 _ap.609-617.
362 _aOct-Dec
650 _aPolitical parties
650 _aPanchayat
773 _aIndian Journal of Public Administration
908 _aN
909 _a100449
999 _c100448
_d100448